God's Country - Ethel Cain (Lyrics) - Statistics

General Stats
  • This quiz has been taken 2 times
  • The average score is 396 of 496
Answer Stats
Answer % Correct
a
100%
am
100%
and
100%
be
100%
beast
100%
best
100%
bit
100%
blood
100%
build
100%
do
100%
down
100%
drank
100%
foot
100%
for
100%
forward
100%
go
100%
guide
100%
hard
100%
hold
100%
i
100%
in
100%
is
100%
it
100%
(it's
100%
it's
100%
know
100%
let
100%
longer
100%
love
100%
(love
100%
me
100%
me)
100%
meat
100%
need?
100%
need
100%
no
100%
odds
100%
of
100%
on
100%
one
100%
out
100%
pathway
100%
pray
100%
road
100%
so
100%
something
100%
sway
100%
sweet
100%
tasted
100%
than
100%
that
100%
the
100%
then?
100%
they
100%
to
100%
(to
100%
too
100%
trying
100%
was
100%
with
100%
you
100%
you'll
100%
your
100%
all
50%
always
50%
are
50%
as
50%
ask
50%
at
50%
baby
50%
beach
50%
before
50%
beneath
50%
beside
50%
better
50%
bodies
50%
bonny
50%
branches
50%
broke
50%
but
50%
(but
50%
car
50%
care
50%
changed
50%
cherry
50%
chose
50%
close
50%
cold
50%
come
50%
conflict
50%
could
50%
count
50%
cradling
50%
crashed
50%
crisis
50%
cry
50%
dad's
50%
danger
50%
dog
50%
don't
50%
door
50%
drive
50%
dust
50%
else
50%
embrace
50%
end)
50%
enough)
50%
entirely
50%
eyes
50%
family
50%
farmhouse
50%
final
50%
finding
50%
front
50%
gas
50%
god
50%
ground
50%
grow
50%
half
50%
harder
50%
have
50%
have)
50%
her
50%
here
50%
hiding
50%
highlands
50%
highs
50%
highway
50%
hills
50%
hours
50%
hurting
50%
if
50%
inside
50%
just
50%
kids
50%
kneel
50%
late
50%
learned
50%
lesson
50%
liked
50%
make
50%
moors
50%
much
50%
mystery
50%
never
50%
nights
50%
now
50%
nowhere
50%
off
50%
old
50%
open
50%
our
50%
over
50%
overwhelms
50%
passing
50%
peaks
50%
pictures
50%
pines
50%
playing
50%
porch
50%
reach
50%
rode
50%
rushes
50%
say
50%
secret
50%
seventeen
50%
shadow
50%
shake
50%
she
50%
should
50%
shouldn't
50%
sink
50%
sleep
50%
soft
50%
someone
50%
southern
50%
stone
50%
street
50%
take
50%
taken
50%
teeth
50%
temper
50%
those
50%
three
50%
thrilling
50%
through
50%
throw
50%
'til
50%
truck
50%
understand
50%
up
50%
virgin
50%
voice
50%
want
50%
we
50%
welcome
50%
we're
50%
what
50%
when
50%
wife
50%
will
50%
word
50%
worth
50%
you've
50%
them
0%
No matching quizzes found
Score Distribution
Percent of People with Each Score
Percentile by Number Answered
Your Score History
You have not taken this quiz